Lidová výtvarná kultura
| Titel: | Lidová výtvarná kultura : dvacet dva přispěvků k teorii, metodologii, ikonografii a komparatistice / Richard Jeřábek |
|---|---|
| Verfasser: | |
| Ausgabe: | 1. vyd. |
| Veröffentlicht: | Brno : Masarykova Univ.,Filozofická Fak., Ústav evropské etnologie, 2011 |
| Umfang: | 239 S. : Ill. |
| Format: | Buch |
| Sprache: | Tschechisch |
| Schriftenreihe/ mehrbändiges Werk: |
Etnologické studie ; 10 |
| ISBN: | 9788021055841 ; 8021055847 ; 8021055847 |
| Hinweise zum Inhalt: |
Inhaltsverzeichnis
|
| Lokale Klassifikation: | 1 3 J |
|---|
alg: 29014886 001A $03004:21-02-12 001B $06055:01-03-26 $t20:37:32.000 001D $00004:14-05-12 001U $0utf8 001X $00 002@ $0Aau 003@ $0290148863 004A $A978-80-210-5584-1 004A $080-210-5584-7 004D $08021055847 007A $0290148863 $aHEB 007T $0Herdhh290148863 009P $qapplication/pdf $A2 $3Inhaltsverzeichnis $uhttp://scans.hebis.de/HEBCGI/show.pl?29014886_toc.pdf $mV:DE-576;B:DE-16 010@ $acze 011@ $a2011 $n2011 021A $aLidová výtvarná kultura $ddvacet dva přispěvků k teorii, metodologii, ikonografii a komparatistice $hRichard Jeřábek 028A $7 $8Jeřábek, Richard [Tnd] $9154013811 032@ $a1. vyd. 033A $pBrno $nMasarykova Univ.,Filozofická Fak., Ústav evropské etnologie 034D $a239 S. 034M $aIll. 036E $aEtnologické studie $l10 036F $x210 $8Etnologické studie $9195324609 $l10 037A $aSammelbd. mit Beitr., die R. Jeřábek in div. Zss. und Festschriften veröffentlicht hat 037A $aZsfassung in engl. Sprache S. 237 - 238 044K $RBöhmische Länder $RČeská SR $RTschechoslowakei $#Tschechien $#Tschechische Republik $#Tschechien $#Tschechische Republik $#Tschechenland $#Tschechei Tschechien $#Česká Republika $#Czech Republic $#ČR $D20251120 $Ecgmnf $74303381-7 $8Tschechien [Tg1] $9086659812 044K $RKunst $RNaive Kunst $#Folk art $#Art populaire $#Arte popolare $#Arte popular $#Volkskunst $#Volkskunst $#Bäuerliche Kunst $#Bauernkunst $#Arte plebea $D20251120 $Ecgmnf $74063851-0 $8Volkskunst [Ts1] $9085179000 045F $a390.094 $eDDC23BSB 045F/01 $a390 045F/03 $g4 lok: 29014886 24 101B $022-10-12 $t19:20:39.000 101C $022-10-12 101U $0utf8 145Z/01 $a1 3 J exp: 29014886 24 1 #EPN 201B/01 $022-10-12 $t19:20:39.000 201C/01 $021-02-12 201U/01 $0utf8 203@/01 $0638521165 208@/01 $a22-10-12 $bz 209A/01 $a12.00817 $du $f050 $h12 00817 $x00 209C/01 $a12.00817 K $h12 00817 K 209G/01 $a73027900 $x00 220C/01 $akon 247C/01 $8358050-7Marburg, Bibliothek des Herder-Instituts Marburg $9102600961 lok: 29014886 78 exp: 29014886 78 1 #EPN 201B/01 $019-04-17 $t22:04:26.000 201U/01 $0utf8 203@/01 $0793881870 208@/01 $a12-11-16 $be 209A/01 $a/ $f000 $x00 244Z/01 $2Trx $8--Trx--Monographie $x01 $9391384546 247C/01 $82080>Marburg/Lahn, Herder-Institut, Forschungsbibliothek, Bibliographieportal $9336309341 lok: 29014886 205 exp: 29014886 205 1 #EPN 201B/01 $010-03-18 $t10:01:01.000 201C/01 $014-05-12 201U/01 $0utf8 203@/01 $0643303391 208@/01 $a14-05-12 $bz 209A/01 $a001 LCZ Eth 338, 10 $db $f000 $x00 209B/01 $a80 $x05 209C/01 $a34 2012/00033 209G/01 $a66539318 $x00 209G/01 $aFreihandbereich $x01 220B/01 $aaltbik364 247C/01 $8351000-1 <4>Marburg, Universität Marburg, Universitätsbibliothek $9102594767
| LEADER | 00000cam a2200000 c 4500 | ||
|---|---|---|---|
| 001 | 290148863 | ||
| 003 | DE-603 | ||
| 005 | 20260301203732.0 | ||
| 007 | tu | ||
| 008 | 120221s2011 xx |||| | u00||u|cze c | ||
| 020 | |a 9788021055841 | ||
| 020 | |a 8021055847 | ||
| 020 | |z 8021055847 | ||
| 035 | |a (DE-599)HEB290148863 | ||
| 040 | |a DE-603 |b ger |c DE-603 |d DE-603 | ||
| 041 | |a cze | ||
| 082 | 0 | 4 | |8 1\u |a 390.094 |q DE-101 |2 23/BSB |
| 085 | |8 1\u |b 390 | ||
| 085 | |8 1\u |z 2 |s 4 | ||
| 100 | 1 | |a Jeřábek, Richard |0 (DE-603)154013811 | |
| 245 | 0 | 0 | |a Lidová výtvarná kultura |b dvacet dva přispěvků k teorii, metodologii, ikonografii a komparatistice |c Richard Jeřábek |
| 250 | |a 1. vyd. | ||
| 264 | 1 | |a Brno |b Masarykova Univ.,Filozofická Fak., Ústav evropské etnologie |c 2011 | |
| 300 | |a 239 S. |b Ill. | ||
| 490 | 1 | |a Etnologické studie |v 10 | |
| 500 | |a Sammelbd. mit Beitr., die R. Jeřábek in div. Zss. und Festschriften veröffentlicht hat | ||
| 500 | |a Zsfassung in engl. Sprache S. 237 - 238 | ||
| 650 | 7 | |a Volkskunst |0 (DE-588)4063851-0 |0 (DE-603)085179000 |2 gnd | |
| 651 | 7 | |a Tschechien |0 (DE-588)4303381-7 |0 (DE-603)086659812 |2 gnd | |
| 810 | 2 | 2 | |a Masarykova Univerzita |b Filozofická Fakulta |b Ústav Evropské Etnologie |t Etnologické studie |v 10 |w (DE-603)195324609 |w (DE-600)2411414-5 |9 210 |7 as |
| 856 | 4 | 2 | |m V:DE-576;B:DE-16 |q application/pdf |u http://scans.hebis.de/HEBCGI/show.pl?29014886_toc.pdf |3 Inhaltsverzeichnis |
| 924 | 0 | |9 Mb 50 |a (DE-603)638521165 |b DE-Mb50 |c HES |d c |g 12.00817 | |
| 924 | 0 | |9 2080 |a (DE-603)793881870 |b DE-2080 |c HES |d d |g / | |
| 924 | 0 | |9 4 |a (DE-603)643303391 |b DE-4 |c HES |d c |g 001 LCZ Eth 338, 10 |h Freihandbereich | |


